00541nam a2200181 a 45000010010000000030011000100080041000210350026000620820016000881000018001042450031001222600040001536500029001939420012002229520090002349980020003249990015003440000-8739ELIB.Books110520 1977  a(ELIB.Books)0000-8885 a253.5 bCob aCobb, John B. aTheology and Pastoral Care bPhiladelphia: Fortress Press c1977 aPastoral Work Counseling 2ddccBK 00102ddc4070aKBTSbKBTSd2011-05-20l0p9956r2022-01-22 00:00:00w2022-01-22yBK cbate2011-05-20 c8739d8739